000 00701nam a2200253 i 4500
001 C2-0267772
003 PPAK
005 20180727234908.0
008 051016s2005 my a|||| ||||| | may d
020 _a9833249108 ; 9789833249107
040 _aPPAK
_beng
_cPPAK
_erda
082 0 4 _a398.2
_223
090 0 0 _a398.2
_bNOD
_dK
245 0 0 _aNodar Shah
264 1 _aSemenyih, Selangor :
_bMostgain Resources Publications ,
_c2005
300 _a114 pages :
_billustrations ;
_c19 cm
336 _2rdacontent
_atext
337 _2rdamedia
_aunmediated
338 _2rdacarrier
_avolume
490 1 _aSiri Tok Naga
650 1 0 _aFolk literature, Malay.
830 0 _aSiri Tok Naga
942 _ddc
_cB
999 _c76697
_d76697